90 secs World Capitals: by Capital City directly South-East - Statistics

General Stats
  • This quiz has been taken 288 times
  • The average score is 140 of 196
Answer Stats
Capital City % Correct
Bern
100%
Brussels
100%
Copenhagen
100%
Dublin
100%
Helsinki
100%
Kiev
100%
London
100%
Minsk
100%
Oslo
100%
Paris
100%
Prague
100%
Reykjavik
100%
Riga
100%
Stockholm
100%
Tallinn
100%
Vienna
100%
Vilnius
100%
Amsterdam
99%
Belgrade
99%
Berlin
99%
Bratislava
99%
Ljubljana
99%
Luxembourg
99%
Moscow
99%
Podgorica
99%
Pristina
99%
San Marino
99%
Sarajevo
99%
Skopje
99%
Tirana
99%
Vaduz
99%
Warsaw
99%
Zagreb
99%
Ashgabat
98%
Budapest
98%
Chisinau
98%
Dushanbe
98%
Islamabad
98%
Kabul
98%
Monaco
98%
New Delhi
98%
Vatican City
98%
Ankara
96%
Bucharest
96%
Mexico City
96%
Rome
96%
Sofia
96%
Athens
95%
Baghdad
95%
Bishkek
95%
Kuwait City
95%
Nicosia
95%
Tashkent
95%
Baku
94%
Ottawa
94%
Washington
94%
Astana
93%
Beirut
93%
Damascus
93%
Kathmandu
93%
Abu Dhabi
91%
Doha
91%
Manama
91%
Tbilisi
91%
Tehran
91%
Ulaanbaatar
91%
Yerevan
91%
Accra
90%
Bamako
90%
Guatemala City
90%
Niamey
90%
Nouakchott
90%
San Salvador
90%
Abuja
89%
Beijing
89%
Muscat
88%
Thimphu
88%
Amman
86%
Andorra la Vella
86%
Bangkok
86%
Dhaka
86%
Jerusalem
86%
Nay Pyi Taw
86%
Cairo
85%
Dakar
85%
Lisbon
85%
Lome
85%
Madrid
85%
Tokyo
85%
Banjul
84%
Hanoi
84%
Ouagadougou
84%
Tegucigalpa
84%
Bissau
83%
Havana
83%
Vientiane
83%
Belmopan
81%
Conakry
81%
Porto-Novo
81%
Praia
81%
Algiers
80%
Bandar Seri Begawan
80%
Dili
80%
Freetown
80%
Managua
80%
Manila
80%
Monrovia
80%
Phnom Penh
80%
Rabat
80%
Riyadh
80%
Sao Tome
80%
Tunis
80%
Jakarta
79%
Malabo
79%
Taipei
79%
Yamoussoukro
79%
Kuala Lumpur
78%
Nassau
78%
Pyongyang
78%
Libreville
76%
Seoul
76%
Singapore
76%
Luanda
75%
Melekeok
75%
Tripoli
75%
San Jose
74%
Port-au-Prince
73%
Colombo
71%
Lima
71%
Panama
70%
Santo Domingo
70%
Valletta
70%
Kingston
69%
Canberra
68%
Bogota
65%
Caracas
63%
Palikir
63%
Yaounde
63%
N'Djamena
61%
Yaren
61%
Brasilia
59%
Port Moresby
58%
Pretoria
55%
Khartoum
51%
Wellington
51%
Juba
49%
Kinshasa
49%
Addis Ababa
48%
Nairobi
48%
Buenos Aires
46%
Tarawa
46%
Brazzaville
45%
Funafuti
45%
Kampala
45%
Quito
45%
Bangui
44%
Kigali
44%
Majuro
43%
Apia
41%
Suva
41%
Bujumbura
40%
Dodoma
39%
Antananarivo
34%
Basseterre
34%
Saint George's
30%
Santiago
30%
Roseau
29%
Asmara
28%
Lusaka
28%
Port-of-Spain
28%
Maputo
26%
Male
24%
Sucre
24%
Montevideo
23%
Castries
21%
Moroni
21%
Windhoek
21%
Port Louis
19%
Saint John's
19%
Harare
18%
Bridgetown
16%
Djibouti
16%
Honiara
16%
Mogadishu
16%
Sana'a
16%
Asuncion
14%
Kingstown
14%
Nuku'alofa
14%
Georgetown
13%
Port-Vila
11%
Maseru
10%
Mbabane
10%
Victoria
10%
Paramaribo
9%
Gaborone
6%
Lilongwe
5%
No matching quizzes found
Score Distribution
Percent of People with Each Score
Percentile by Number Answered
Your Score History
You have not taken this quiz